ロード中...

Veendu vichaaram

書誌詳細
第一著者: Velayudhan Pilla, P V
フォーマット: Printed Book
出版事項: 1986
LEADER 003380000a22001090004500
040 |a MAL 
082 |a A8 VEL/V M6 
100 |a Velayudhan Pilla, P V 
245 |a Veendu vichaaram 
260 |c 1986 
999 |c 27631  |d 27631 
952 |0 0  |1 0  |4 0  |6 A_000000000000000_8_VELV_M6  |7 0  |8 MAL  |9 27469  |a MGUL  |b MGUL  |d 2013-07-16  |l 0  |o A8 VEL/V M6  |p 14710  |r 2013-07-16  |w 2013-07-16  |y BK